| 000 | 00714nmc a2200277 a 4500 | ||
|---|---|---|---|
| 003 | AR-BaBNM | ||
| 005 | 20251128211529.0 | ||
| 008 | 084120s1998 ||||||||||||||000 | spa|| | ||
| 020 | _a987-9216-62-8 | ||
| 040 | _cAR-BaBNM | ||
| 100 | 1 | _aBlomberg, Héctor Pedro | |
| 245 | 1 | 0 | _aLa pulpera de Santa Lucía y otras novelas |
| 250 | _a1ª ed. | ||
| 260 |
_aBuenos Aires _bAmeghino Editora _c1998 |
||
| 300 | _a124 p. | ||
| 490 | 0 | _aLos precursores | |
| 650 | 4 | _aLITERATURA ARGENTINA | |
| 650 | 4 | _aNOVELAS | |
| 650 | 4 | _aLITERATURA CONTEMPORANEA | |
| 653 | _aLITERATURA GAUCHESCA | ||
| 653 | _aCOSTUMBRISMO | ||
| 655 | _aLITERATURA | ||
| 800 | 1 | _aOrgambide, Pedro | |
| 942 | _cBK | ||
| 998 | _cmartin | ||
| 999 |
_c20049 _d20049 |
||